书目信息 |
| 题名: |
常用体育英语词汇
|
|
| 作者: | 王军平 , 张妙玲 主编 | |
| 分册: | ||
| 出版信息: | 北京 北京体育大学出版社 2004 |
|
| 页数: | 316页 | |
| 开本: | 20cm | |
| 丛书名: | ||
| 单 册: | ||
| 中图分类: | G8 | |
| 科图分类: | ||
| 主题词: | 体育--英语--词汇 , 体育 , 词汇 , 体育 | |
| 电子资源: | ||
| ISBN: | 7-81100-188-8 | |
| 000 | 00844nam0 2200265 450 | |
| 001 | 002762658 | |
| 005 | 20061114142414.29 | |
| 010 | @a7-81100-188-8@dCNY20.00 | |
| 100 | @a20041110d2004 em y0chiy0110 ea | |
| 101 | 0 | @achi@aeng |
| 102 | @aCN@b110000 | |
| 105 | @ay z 000yy | |
| 200 | 1 | @a常用体育英语词汇@9chang yong ti yu ying yu ci hui@f王军平,张妙玲主编 |
| 210 | @a北京@c北京体育大学出版社@d2004 | |
| 215 | @a316页@d20cm | |
| 330 | @a本书选收以体育理论和运动项目的基本常用词语为主,又注重选收体现学科发展的新词和短语,力求较为全面地反映本学科领域的知识体系。 | |
| 606 | 0 | @a体育@x英语@x词汇 |
| 606 | 0 | @a体育 |
| 606 | 0 | @a词汇 |
| 606 | 0 | @a体育 |
| 690 | @aG8@v4 | |
| 701 | 0 | @a王军平@9wang jun ping@c(英语)@4主编 |
| 701 | 0 | @a张妙玲@9zhang miao ling@c(英语)@4主编 |
| 801 | 0 | @aCN@bNLC@c20061114 |
| 905 | @a10447@dG8@e230 | |
| 常用体育英语词汇/王军平,张妙玲主编.-北京:北京体育大学出版社,2004 |
| 316页;20cm |
| ISBN 7-81100-188-8:CNY20.00 |
| 本书选收以体育理论和运动项目的基本常用词语为主,又注重选收体现学科发展的新词和短语,力求较为全面地反映本学科领域的知识体系。 |
| ● |
| 相关链接 |
|
|
|
|
正题名:常用体育英语词汇
索取号:G8/230
 
预约/预借
| 序号 | 登录号 | 条形码 | 馆藏地/架位号 | 状态 | 备注 |
| 1 | 0382508 | 203825085 | 第一样本阅览室/ [索取号:G8/230] | 在馆 | |
| 2 | 0382509 | 203825094 | 第四借阅区/ [索取号:G8/230] | 在馆 | |
| 3 | 0382510 | 203825101 | 第四借阅区/ [索取号:G8/230] | 在馆 |